000 00761cam a2200229u 4500
001 7264466
003 ARRUPE
005 20160128091654.0
008 820910s1887 sa b 000 0 eng
010 _a 04023219
040 _aDLC
_cCarP
_dDLC
043 _af-sa---
050 0 0 _aSPC DT745
_b.M42
100 1 _aMathers, Edward P.
_q(Edward Peter),
_d1850-1924.
_921884
245 1 4 _aThe gold fields revisited,
260 _aDurban and Maritzburg,
_bNatal, Messers. P. Davis & sons,
_c1887.
300 _aviii, xxvi, 352 p.
_bfront., fold. maps.
_c21 cm.
650 0 _aGold mines and mining
_zSouth Africa.
_921682
651 0 _aSouth Africa
_xDescription and travel.
_921885
906 _a0
_bcbc
_cpremunv
_du
_encip
_f19
_gy-gencatlg
942 _2lcc
_cMONOGRAPH
999 _c124066
_d124066